[Event "MCRE_O14"]
[Site "?"]
[Date "2003.??.??"]
[Round "?"]
[White "Ciganek, Jiri"]
[Black "Lasik, Petr"]
[Result "0-1"]
[WhiteElo "1875"]
[BlackElo "1800"]
[PlyCount "56"]
[EventDate "2003.??.??"]
[EventType "corr"]
[EventRounds "2"]
[SourceDate "2005.03.12"]

1. e4 e5 2. d4 d5 3. Nd2 c5 4. exd5 Qxd5 5. Ngf3 cxd4 6. Bc4 Qc5 7. O-O Bd7 8.
Qe2 Bc6 9. Nxe5 Bd5 10. Bxd5 Qxd5 11. Nb3 Nc6 12. Bf4 Nxe5 13. Qxe5+ Ne7 14.
Nxd4 Qxe5 15. Bxe5 Ng6 16. Nf3 Nxe5 17. Nxe5 Rc8 18. c3 Bd6 19. Nf3 Ke7 20.
Rfd1 Rhd8 21. g3 Bc5 22. Kf1 a5 23. c4 h6 24. b3 g5 25. g4 f6 26. h3 h5 27.
Rxd8 Rxd8 28. Nh2 Rd2 0-1

[Event "MCRE_O14"]
[Site "?"]
[Date "2003.??.??"]
[Round "?"]
[White "Ciganek, Jiri"]
[Black "Prochazka, Ivan"]
[Result "0-1"]
[WhiteElo "1875"]
[BlackElo "1800"]
[PlyCount "56"]
[EventDate "2003.??.??"]
[EventType "corr"]
[EventRounds "2"]
[SourceDate "2005.03.12"]

1. e4 e6 2. d4 d5 3. Nd2 c5 4. exd5 exd5 5. Ngf3 Nc6 6. Bb5 Bd6 7. dxc5 Bxc5 8.
O-O Nge7 9. Nb3 Bd6 10. Bg5 O-O 11. Re1 Bg4 12. h3 Bh5 13. Be2 h6 14. Bxe7 Bxe7
15. Nfd4 Bxe2 16. Qxe2 Bf6 17. Rad1 Re8 18. Qxe8+ Qxe8 19. Rxe8+ Rxe8 20. Kf1
Nxd4 21. Nxd4 Re4 22. c3 Bxd4 23. Rxd4 Rxd4 24. cxd4 Kf8 25. Ke2 Ke7 26. Kd3
Ke6 27. Kc3 Kf5 28. Kd3 Kf4 0-1

[Event "MCRE_O14"]
[Site "?"]
[Date "2003.??.??"]
[Round "?"]
[White "Ciganek, Jiri"]
[Black "Slechta, Vladimir"]
[Result "0-1"]
[WhiteElo "1885"]
[BlackElo "1890"]
[PlyCount "114"]
[EventDate "2003.??.??"]
[EventType "corr"]
[EventRounds "2"]
[SourceDate "2005.03.12"]

1. e4 e6 2. d4 d5 3. Nd2 c5 4. exd5 Qxd5 5. Ngf3 cxd4 6. Bc4 Qd6 7. O-O Nf6 8.
Nb3 Nc6 9. Nbxd4 Nxd4 10. Nxd4 Bd7 11. c3 Qc7 12. Bb3 Bd6 13. h3 O-O 14. Qd3
Bf4 15. Bxf4 Qxf4 16. Rfe1 Rfd8 17. Re3 Bc6 18. Qe2 Bd5 19. Bc2 Rd6 20. Re5
Rad8 21. Qe3 Qxe3 22. Rxe3 a6 23. a4 b6 24. Rae1 g6 25. g3 Bb7 26. Bb3 Nd7 27.
f4 Nc5 28. Bc2 Nd7 29. Kf2 h5 30. h4 Nf6 31. Bd1 Bc6 32. Nxc6 Rxc6 33. Bf3 Rcd6
34. R1e2 Kf8 35. Kg2 Ke7 36. Re5 Nd7 37. Rg5 Nc5 38. a5 Nb3 39. f5 gxf5 40.
Rxf5 Rd2 41. Rfe5 Nxa5 42. Rxd2 Rxd2+ 43. Re2 Rxe2+ 44. Bxe2 b5 45. Bxh5 Nc4
46. b3 Nd2 47. Bd1 Ne4 48. c4 bxc4 49. bxc4 f5 50. h5 Kf6 51. g4 Nc5 52. Bc2
fxg4 53. h6 a5 54. Kg3 a4 55. Kxg4 a3 56. Bb1 e5 57. Kf3 Na4 0-1

[Event "MCRE_O14"]
[Site "?"]
[Date "2003.??.??"]
[Round "?"]
[White "Ciganek, Jiri"]
[Black "Stika, Vaclav"]
[Result "1-0"]
[WhiteElo "1875"]
[BlackElo "1855"]
[PlyCount "73"]
[EventDate "2003.??.??"]
[EventType "corr"]
[EventRounds "2"]
[SourceDate "2005.03.12"]

1. e4 e5 2. Nf3 Nc6 3. Bb5 a6 4. Ba4 Nf6 5. O-O Nxe4 6. d4 b5 7. Bb3 d5 8. dxe5
Be6 9. c3 Bc5 10. Nbd2 O-O 11. Bc2 f5 12. Nb3 Bb6 13. Nfd4 Nxd4 14. Nxd4 Bxd4
15. cxd4 f4 16. f3 Ng3 17. hxg3 fxg3 18. Qd3 Bf5 19. Qxf5 Rxf5 20. Bxf5 Qh4 21.
Bh3 Qxd4+ 22. Kh1 Qxe5 23. Bd2 Qxb2 24. Bf4 c6 25. Bxg3 Kh8 26. Rae1 Qxa2 27.
Re7 Qa3 28. Rfe1 Rg8 29. Rc7 Qc3 30. Ree7 a5 31. Be5 Qc1+ 32. Kh2 Qh6 33. f4 d4
34. Kg1 d3 35. Be6 d2 36. Rcd7 Rd8 37. Bxg7+ 1-0

[Event "MCRE_O14"]
[Site "?"]
[Date "2003.??.??"]
[Round "?"]
[White "Ciganek, Jiri"]
[Black "Tursky, Matyas"]
[Result "1-0"]
[WhiteElo "1875"]
[BlackElo "1800"]
[PlyCount "41"]
[EventDate "2003.??.??"]
[EventType "corr"]
[EventRounds "2"]
[SourceDate "2005.03.12"]

1. e4 e6 2. d4 d5 3. Nd2 dxe4 4. Nxe4 Nd7 5. Nf3 Ngf6 6. Nxf6+ Nxf6 7. Bg5 Be7
8. Bd3 Bd7 9. Qe2 O-O 10. O-O-O c5 11. Bxf6 Bxf6 12. Qe4 g6 13. Qxb7 Rb8 14.
Qe4 Qb6 15. b3 Rfd8 16. Qf4 Be7 17. Kb1 Be8 18. h4 cxd4 19. h5 Qd6 20. Qxd6
Rxd6 21. hxg6 1-0

[Event "MCRE_O14"]
[Site "?"]
[Date "2003.??.??"]
[Round "?"]
[White "Ciganek, Jiri"]
[Black "Volf, Michal"]
[Result "1/2-1/2"]
[WhiteElo "1875"]
[BlackElo "1800"]
[PlyCount "62"]
[EventDate "2003.??.??"]
[EventType "corr"]
[EventRounds "2"]
[SourceDate "2005.03.12"]

1. e4 e5 2. Nf3 d6 3. d4 Nf6 4. Nc3 Nbd7 5. Bc4 Be7 6. O-O h6 7. Qe2 c6 8. dxe5
Nxe5 9. Nxe5 dxe5 10. Qf3 b5 11. Bb3 Qc7 12. h3 b4 13. Ne2 a5 14. Bc4 c5 15.
Qg3 g5 16. f3 O-O 17. h4 Nh5 18. Qh2 Nf4 19. hxg5 Bxg5 20. Nxf4 exf4 21. b3 Be6
22. Bxe6 fxe6 23. Rd1 Rfd8 24. Be3 a4 25. Bf2 axb3 26. cxb3 Rxa2 27. Qh5 Rxd1+
28. Rxd1 Qe7 29. Qg6+ Kh8 30. Rc1 Qd7 31. Bxc5 Qd2 1/2-1/2

[Event "MCRE_O14"]
[Site "?"]
[Date "2003.??.??"]
[Round "?"]
[White "Lasik, Petr"]
[Black "Ciganek, Jiri"]
[Result "1-0"]
[WhiteElo "1800"]
[BlackElo "1875"]
[PlyCount "77"]
[EventDate "2003.??.??"]
[EventType "corr"]
[EventRounds "2"]
[SourceDate "2005.03.12"]

1. e4 e5 2. Nf3 Nc6 3. Bb5 a6 4. Ba4 Nf6 5. O-O Nxe4 6. Re1 Nc5 7. Bxc6 dxc6 8.
Nxe5 Be7 9. d3 O-O 10. Nc3 f6 11. Nf3 Bg4 12. h3 Bh5 13. d4 Nd7 14. d5 Ne5 15.
g4 Nxf3+ 16. Qxf3 Be8 17. Bf4 Bd6 18. Rad1 Kh8 19. Qg3 c5 20. Ne4 Bxf4 21. Qxf4
b6 22. Ng5 Qd6 23. Qxd6 cxd6 24. Ne6 Rf7 25. Rd3 Rd7 26. Rde3 Bf7 27. f4 g6 28.
Kf2 c4 29. Kf3 Re8 30. f5 b5 31. Ke4 gxf5+ 32. gxf5 Rg8 33. Rc3 Re7 34. b3 Rc8
35. Kd4 Ree8 36. bxc4 Rxc4+ 37. Rxc4 bxc4 38. Rb1 Bh5 39. Rb6 1-0

[Event "MCRE_O14"]
[Site "?"]
[Date "2003.??.??"]
[Round "?"]
[White "Lasik, Petr"]
[Black "Prochazka, Ivan"]
[Result "0-1"]
[WhiteElo "1890"]
[BlackElo "1800"]
[PlyCount "114"]
[EventDate "2003.??.??"]
[EventType "corr"]
[EventRounds "2"]
[SourceDate "2005.03.12"]

1. e4 c6 2. d4 d6 3. Nf3 Nf6 4. Nc3 g6 5. Bd3 Bg7 6. O-O O-O 7. h3 Nbd7 8. Bg5
Qc7 9. Qd2 Re8 10. Rfe1 e5 11. d5 cxd5 12. Nxd5 Nxd5 13. exd5 Nb6 14. c4 Bd7
15. Rac1 Na4 16. b3 Nc5 17. Bc2 a5 18. Bh6 b6 19. a3 Bh8 20. Qe3 f5 21. Nd2 Nb7
22. Qg3 Nd8 23. Nb1 f4 24. Qh4 Nf7 25. Bg5 Nxg5 26. Qxg5 Rf8 27. Nd2 Bf6 28.
Qh6 Qd8 29. Nf3 Rf7 30. Be4 Bg7 31. Qh4 Qf8 32. g4 fxg3 33. Qxg3 Bh6 34. Ng5
Bxg5 35. Qxg5 Rxf2 36. Bxg6 Qf4 37. Qxf4 Rxf4 38. Be4 Bxh3 39. Rc2 Ra7 40. Kh2
Bg4 41. Re3 h5 42. Rc1 Rg7 43. Rg1 Bd7 44. Rg2 Kf8 45. Kg1 h4 46. Bd3 Rxg2+ 47.
Kxg2 Ke7 48. Be4 Kf6 49. Kg1 Bf5 50. Bg2 e4 51. Re2 Ke5 52. Bf1 Rf3 53. Rb2 h3
54. b4 Rxa3 55. bxa5 bxa5 56. Kh2 Rf3 57. Kg1 a4 0-1

[Event "MCRE_O14"]
[Site "?"]
[Date "2003.??.??"]
[Round "?"]
[White "Lasik, Petr"]
[Black "Slechta, Vladimir"]
[Result "1/2-1/2"]
[WhiteElo "1800"]
[BlackElo "1890"]
[PlyCount "93"]
[EventDate "2003.??.??"]
[EventType "corr"]
[EventRounds "2"]
[SourceDate "2005.03.12"]

1. e4 e5 2. Nf3 Nc6 3. Bb5 a6 4. Bxc6 dxc6 5. O-O Bg4 6. h3 Bh5 7. g4 Bg6 8.
Nxe5 Qd4 9. Nf3 Qd6 10. d3 O-O-O 11. Nc3 Be7 12. Be3 h5 13. g5 f6 14. gxf6 Bxf6
15. Nd2 Qe6 16. Kg2 Ne7 17. f4 Rhg8 18. Qe2 Bf7 19. Nf3 Qd7 20. Na4 b6 21. Bxb6
c5 22. Nxc5 Qc6 23. Ba7 Qa8 24. Ng5 Bxg5 25. fxg5 Qxa7 26. b4 Bg6 27. Rae1 Nc6
28. c3 Rge8 29. d4 Nb8 30. Qc4 Nd7 31. Ne6 Nb6 32. Qb3 Rd7 33. Nc5 Rde7 34. e5
Nd7 35. Nxd7 Rxd7 36. Qc4 Qb7+ 37. Kh2 Qb5 38. Qxb5 axb5 39. Ra1 Rf7 40. Rxf7
Bxf7 41. a4 bxa4 42. Rxa4 Bd5 43. b5 Rf8 44. c4 Bb7 45. Ra1 Be4 46. e6 Rf2+ 47.
Kg3 1/2-1/2

[Event "MCRE_O14"]
[Site "?"]
[Date "2003.??.??"]
[Round "?"]
[White "Lasik, Petr"]
[Black "Stika, Vaclav"]
[Result "1/2-1/2"]
[WhiteElo "1800"]
[BlackElo "1855"]
[PlyCount "132"]
[EventDate "2003.??.??"]
[EventType "corr"]
[EventRounds "2"]
[SourceDate "2005.03.12"]

1. e4 e5 2. Nf3 Nc6 3. Bb5 a6 4. Ba4 Nf6 5. O-O Nxe4 6. Re1 Nc5 7. Bxc6 dxc6 8.
Nxe5 Be7 9. d3 O-O 10. Nc3 Ne6 11. Be3 Bd6 12. Nf3 Qf6 13. Qd2 Re8 14. a3 Qg6
15. Ne4 b5 16. h3 Bb7 17. g4 f6 18. Nh4 Qf7 19. Nf5 Rad8 20. Qc3 Kh8 21. d4 c5
22. Nexd6 cxd6 23. dxc5 dxc5 24. Rad1 Ba8 25. Rxd8 Rxd8 26. f3 c4 27. Bc1 Qa7+
28. Kg2 Qd7 29. Bh6 Kg8 30. b3 cxb3 31. cxb3 Re8 32. Re3 a5 33. Rd3 Qa7 34. Be3
Qb7 35. Bd2 Qa6 36. Re3 a4 37. Qb4 h6 38. Nd6 Re7 39. Nxb5 Rd7 40. bxa4 Bd5 41.
Be1 Qc6 42. Qc3 Nf4+ 43. Kh2 Qa6 44. Qc2 Bf7 45. Rc3 Rd8 46. Rc6 Qa8 47. Nd6
Bd5 48. Rc8 Rxc8 49. Qxc8+ Qxc8 50. Nxc8 Bxf3 51. Kg3 Bb7 52. Nd6 Ne2+ 53. Kf2
Ba6 54. Bd2 Nd4 55. Bb4 Ne6 56. Ke3 Kf8 57. h4 Ke7 58. h5 Kd7 59. a5 Kc6 60.
Nf5 Bb5 61. Ne7+ Kb7 62. Nd5 Bd7 63. Nf4 Ng5 64. Bf8 Bxg4 65. Bxg7 Ne6 66. Bxh6
Nxf4 1/2-1/2

[Event "MCRE_O14"]
[Site "?"]
[Date "2003.??.??"]
[Round "?"]
[White "Lasik, Petr"]
[Black "Tursky, Matyas"]
[Result "1-0"]
[WhiteElo "1800"]
[BlackElo "1800"]
[PlyCount "41"]
[EventDate "2003.??.??"]
[EventType "corr"]
[EventRounds "2"]
[SourceDate "2005.03.12"]

1. e4 e6 2. d4 d5 3. Nd2 dxe4 4. Nxe4 Nd7 5. Nf3 Ngf6 6. Bg5 Be7 7. Nxf6+ Nxf6
8. Bd3 O-O 9. Qe2 c5 10. dxc5 Qa5+ 11. c3 Qxc5 12. O-O Bd7 13. Bxf6 Bxf6 14.
Bxh7+ Kxh7 15. Qd3+ Kg8 16. Qxd7 Rfd8 17. Qa4 Rd6 18. Rfd1 b5 19. Qe4 Rad8 20.
Rxd6 Rxd6 21. Re1 1-0

[Event "MCRE_O14"]
[Site "?"]
[Date "2003.??.??"]
[Round "?"]
[White "Lasik, Petr"]
[Black "Volf, Michal"]
[Result "1-0"]
[WhiteElo "1800"]
[BlackElo "1800"]
[PlyCount "55"]
[EventDate "2003.??.??"]
[EventType "corr"]
[EventRounds "2"]
[SourceDate "2005.03.12"]

1. e4 e5 2. Nf3 Nf6 3. Nxe5 d6 4. Nf3 Nxe4 5. Qe2 Qe7 6. d3 Nf6 7. Nc3 Nbd7 8.
Bg5 Qxe2+ 9. Bxe2 h6 10. Bf4 Nb6 11. O-O Be7 12. Rae1 c6 13. Nd4 Nfd5 14. Nxd5
Nxd5 15. Bg3 O-O 16. Bf3 Bf6 17. Nb5 Bxb2 18. Bxd5 cxd5 19. Nc7 Be6 20. Rb1 Be5
21. Nxa8 Rxa8 22. Rxb7 Rc8 23. Rxa7 Rxc2 24. Bxe5 dxe5 25. f4 e4 26. f5 Bc8 27.
dxe4 dxe4 28. a4 1-0

[Event "MCRE_O14"]
[Site "?"]
[Date "2003.??.??"]
[Round "?"]
[White "Prochazka, Ivan"]
[Black "Ciganek, Jiri"]
[Result "1-0"]
[WhiteElo "1800"]
[BlackElo "1875"]
[PlyCount "63"]
[EventDate "2003.??.??"]
[EventType "corr"]
[EventRounds "2"]
[SourceDate "2005.03.12"]

1. d4 d5 2. Nf3 Nf6 3. Bg5 Ne4 4. Bf4 c5 5. e3 Qb6 6. Qc1 Nc6 7. c3 Bf5 8. Nbd2
e6 9. Nxe4 Bxe4 10. Be2 h6 11. O-O Be7 12. Qd2 g5 13. Bg3 h5 14. dxc5 Qxc5 15.
Nd4 h4 16. Bc7 Nxd4 17. Qxd4 O-O 18. Qxc5 Bxc5 19. h3 Rac8 20. Bh2 a6 21. Rfd1
f5 22. Be5 Kh7 23. Kf1 Kg6 24. Rac1 Rf7 25. c4 dxc4 26. Bxc4 Rc6 27. Bb3 Bb4
28. Rxc6 bxc6 29. Rd8 Bd5 30. Bxd5 cxd5 31. Rg8+ Kh5 32. Ra8 1-0

[Event "MCRE_O14"]
[Site "?"]
[Date "2003.??.??"]
[Round "?"]
[White "Prochazka, Ivan"]
[Black "Lasik, Petr"]
[Result "1-0"]
[WhiteElo "1800"]
[BlackElo "1800"]
[PlyCount "79"]
[EventDate "2003.??.??"]
[EventType "corr"]
[EventRounds "2"]
[SourceDate "2005.03.12"]

1. d4 Nf6 2. Nf3 d5 3. c4 c6 4. Nc3 dxc4 5. e4 b5 6. e5 Nd5 7. a4 Qd7 8. Be2 e6
9. O-O Bb7 10. Qc2 Na6 11. Qe4 Nab4 12. Qg4 Nc2 13. Rb1 h5 14. Qg5 Rb8 15. Ne4
Rh7 16. Rd1 Ncb4 17. Qh4 Na6 18. Bd2 Be7 19. Qg3 h4 20. Qg4 h3 21. Nfg5 Rh8 22.
Nxh3 Kf8 23. Nhg5 Nac7 24. Qf3 f6 25. Nc5 Bxc5 26. dxc5 Qe7 27. Ne4 Na6 28.
exf6 gxf6 29. Bf4 Nxf4 30. Qxf4 e5 31. Qf3 Rh6 32. Ra1 Bc8 33. Rd6 Be6 34. axb5
Nb4 35. bxc6 Nc2 36. Ng5 Nd4 37. Nxe6+ Nxe6 38. Bxc4 Ng5 39. Qd5 Rh8 40. Rd7
1-0

[Event "MCRE_O14"]
[Site "?"]
[Date "2003.??.??"]
[Round "?"]
[White "Prochazka, Ivan"]
[Black "Slechta, Vladimir"]
[Result "1/2-1/2"]
[WhiteElo "1800"]
[BlackElo "1890"]
[PlyCount "168"]
[EventDate "2003.??.??"]
[EventType "corr"]
[EventRounds "2"]
[SourceDate "2005.03.12"]

1. c4 e5 2. Nc3 Nc6 3. g3 Nf6 4. Bg2 Bc5 5. e3 a6 6. Nge2 O-O 7. O-O d6 8. a3
Bf5 9. b4 Ba7 10. d4 Qd7 11. Bb2 exd4 12. Nd5 Nxd5 13. cxd5 Ne5 14. Nxd4 Bg4
15. f3 Bf5 16. Nxf5 Qxf5 17. Bd4 Bxd4 18. Qxd4 Rfe8 19. e4 Qg6 20. Rac1 Re7 21.
Rc3 f6 22. f4 Ng4 23. Rfc1 Qf7 24. Qd1 Nh6 25. Qc2 Rc8 26. Bh3 f5 27. e5 Qg6
28. Qd3 Kh8 29. Qd4 dxe5 30. fxe5 Rce8 31. Rxc7 Rxe5 32. Rxb7 Qh5 33. Bf1 Ng4
34. Rc2 Nf6 35. Rb8 Rxd5 36. Rxe8+ Qxe8 37. Qc3 Rd8 38. Bxa6 Qa4 39. Be2 h6 40.
b5 Nd5 41. Qd3 Qa7+ 42. Kh1 Qa5 43. Qf3 Re8 44. Rc1 Ne3 45. Qc6 Rd8 46. Bh5 Qd2
47. Rg1 Kh7 48. Qg6+ Kh8 49. Qe6 Ng4 50. Bxg4 fxg4 51. Rf1 Qd4 52. b6 Qd3 53.
Re1 Qf3+ 54. Kg1 Qxa3 55. Qe7 Qa8 56. b7 Qa7+ 57. Kh1 Rb8 58. Qe8+ Kh7 59. Qe4+
Kh8 60. Rf1 Qa6 61. Rd1 Rf8 62. h4 gxh3 63. Kh2 Rb8 64. Rd7 Qf1 65. Rc7 Qf2+
66. Kxh3 Qf1+ 67. Kh4 Rg8 68. Kg4 Qd1+ 69. Kh3 Qf1+ 70. Kh2 Qf2+ 71. Qg2 Qf5
72. Qc2 Qh5+ 73. Kg1 Qf3 74. Qf2 Qd5 75. Kh2 Qh5+ 76. Kg2 Qd5+ 77. Qf3 Qe6 78.
Qd3 Rf8 79. Qc4 Qf6 80. Rf7 Rxf7 81. b8=Q+ Rf8 82. Qb1 Qf3+ 83. Kh3 Qh5+ 84.
Qh4 Qd5 1/2-1/2

[Event "MCRE_O14"]
[Site "?"]
[Date "2003.??.??"]
[Round "?"]
[White "Prochazka, Ivan"]
[Black "Stika, Vaclav"]
[Result "1/2-1/2"]
[WhiteElo "1800"]
[BlackElo "1855"]
[PlyCount "109"]
[EventDate "2003.??.??"]
[EventType "corr"]
[EventRounds "2"]
[SourceDate "2005.03.12"]

1. e4 e5 2. Nf3 Nf6 3. d4 exd4 4. Nxd4 Nxe4 5. Bd3 d5 6. O-O Bc5 7. Nb3 Bd6 8.
N1d2 O-O 9. Nxe4 dxe4 10. Bxe4 Bxh2+ 11. Kxh2 Qh4+ 12. Kg1 Qxe4 13. Re1 Qg6 14.
Bf4 Na6 15. c3 Be6 16. Qf3 Rad8 17. Re5 c6 18. Rae1 Rd3 19. Qe2 Rd5 20. Re3 Bg4
21. f3 Be6 22. Nd4 Bd7 23. Nb3 h6 24. Re7 Bc8 25. Qf2 Qf6 26. Bg3 c5 27. Qe2
Rfd8 28. Bf2 b6 29. Rxa7 Nb8 30. Qe7 Qxe7 31. Raxe7 Nc6 32. Re8+ Kh7 33. Rxd8
Rxd8 34. Bg3 c4 35. Nc1 b5 36. Kf2 Be6 37. Ke2 g5 38. Rd1 Rxd1 39. Kxd1 h5 40.
Kd2 h4 41. Bd6 Bd5 42. Ke3 f5 43. Ne2 Kg7 44. Nd4 Nxd4 45. Be5+ Kg6 46. Bxd4
f4+ 47. Kf2 g4 48. fxg4 Kg5 49. Bb6 Be4 50. b4 Kxg4 51. Bd8 Bb7 52. Be7 h3 53.
gxh3+ Kxh3 54. Bf6 Be4 55. Bh8 1/2-1/2

[Event "MCRE_O14"]
[Site "?"]
[Date "2003.??.??"]
[Round "?"]
[White "Prochazka, Ivan"]
[Black "Tursky, Matyas"]
[Result "1-0"]
[WhiteElo "1800"]
[BlackElo "1800"]
[PlyCount "27"]
[EventDate "2003.??.??"]
[EventType "corr"]
[EventRounds "2"]
[SourceDate "2005.03.12"]

1. c4 f5 2. d4 e6 3. g3 Be7 4. Bg2 Nf6 5. Nf3 O-O 6. O-O d6 7. Nc3 Qe8 8. b3
Qg6 9. Bb2 Nc6 10. e3 e5 11. dxe5 dxe5 12. Nd5 e4 13. Ne5 Qe8 14. Nxc7 1-0

[Event "MCRE_O14"]
[Site "?"]
[Date "2003.??.??"]
[Round "?"]
[White "Prochazka, Ivan"]
[Black "Volf, Michal"]
[Result "1-0"]
[WhiteElo "1800"]
[BlackElo "1800"]
[PlyCount "49"]
[EventDate "2003.??.??"]
[EventType "corr"]
[EventRounds "2"]
[SourceDate "2005.03.12"]

1. e4 e5 2. Nf3 Nc6 3. d4 exd4 4. Nxd4 Bc5 5. Nb3 Bb6 6. a4 a5 7. Nc3 Qf6 8.
Qe2 Nge7 9. Be3 Nb4 10. O-O-O O-O 11. e5 Qg6 12. Rd2 d5 13. exd6 Bxe3 14. Qxe3
Nf5 15. Qe4 Nxd6 16. Qxg6 fxg6 17. Nb5 Nxb5 18. Bxb5 Be6 19. Nc5 Bf7 20. c3 Nd5
21. Nxb7 Rab8 22. Nxa5 Rxb5 23. axb5 Ra8 24. b4 Nxc3 25. Re1 1-0

[Event "MCRE_O14"]
[Site "?"]
[Date "2003.??.??"]
[Round "?"]
[White "Slechta, Vladimir"]
[Black "Ciganek, Jiri"]
[Result "1-0"]
[WhiteElo "1890"]
[BlackElo "1875"]
[PlyCount "59"]
[EventDate "2003.??.??"]
[EventType "corr"]
[EventRounds "2"]
[SourceDate "2005.03.12"]

1. e4 e5 2. Nf3 Nc6 3. Bc4 Bc5 4. Nc3 Nf6 5. a3 d6 6. d3 a6 7. h3 b5 8. Ba2 h6
9. Nd5 O-O 10. g4 Nd4 11. Nxd4 Bxd4 12. g5 Nxd5 13. Bxd5 Rb8 14. Qh5 Be6 15. c3
Bxd5 16. cxd4 Bb7 17. Rg1 Kh8 18. dxe5 Qe7 19. Bf4 d5 20. gxh6 g6 21. Qe2 dxe4
22. dxe4 Qd7 23. Qe3 Kh7 24. h4 Qc6 25. f3 Rbc8 26. h5 Qe6 27. Qc5 Rg8 28.
hxg6+ fxg6 29. Bg5 Rgf8 30. Bf6 1-0

[Event "MCRE_O14"]
[Site "?"]
[Date "2003.??.??"]
[Round "?"]
[White "Slechta, Vladimir"]
[Black "Lasik, Petr"]
[Result "1-0"]
[WhiteElo "1890"]
[BlackElo "1800"]
[PlyCount "113"]
[EventDate "2003.??.??"]
[EventType "corr"]
[EventRounds "2"]
[SourceDate "2005.03.12"]

1. d4 Nf6 2. c4 d6 3. Nc3 e5 4. dxe5 dxe5 5. Qxd8+ Kxd8 6. Nf3 Nc6 7. Ng5 Ke7
8. Be3 h6 9. Nf3 Be6 10. Bc5+ Ke8 11. Bxf8 Kxf8 12. e3 Rd8 13. Be2 e4 14. Nd2
Nb4 15. Rc1 Nd3+ 16. Bxd3 exd3 17. b3 Ke7 18. h3 Rhe8 19. a3 a6 20. Rd1 Bf5 21.
O-O Bg6 22. e4 Kd6 23. Rfe1 c6 24. f4 Nh5 25. f5 Bh7 26. Re3 Kc7 27. c5 Nf4 28.
Nc4 f6 29. Nd6 Re7 30. Rf1 Re5 31. b4 Nd5 32. Rxd3 Nxc3 33. Rxc3 Bg8 34. Rg3
Rd7 35. Rc1 b5 36. Rd1 Rde7 37. Kf2 Bc4 38. Rc3 Bg8 39. Kf3 Rd7 40. g4 Rde7 41.
Ra1 Kb8 42. h4 a5 43. g5 hxg5 44. hxg5 a4 45. Rg1 Bf7 46. gxf6 gxf6 47. Rh1 Kc7
48. Rh6 Ba2 49. Rxf6 Rh7 50. Kf4 Ree7 51. Rf8 Rh4+ 52. Kg5 Reh7 53. Rg3 R7h6
54. e5 Rh1 55. Ra8 R1h5+ 56. Kf4 Rh4+ 57. Rg4 1-0

[Event "MCRE_O14"]
[Site "?"]
[Date "2003.??.??"]
[Round "?"]
[White "Slechta, Vladimir"]
[Black "Prochazka, Ivan"]
[Result "0-1"]
[WhiteElo "1890"]
[BlackElo "1800"]
[PlyCount "94"]
[EventDate "2003.??.??"]
[EventType "corr"]
[EventRounds "2"]
[SourceDate "2005.03.12"]

1. d4 Nf6 2. c4 g6 3. Nc3 Bg7 4. Nf3 d6 5. g3 O-O 6. Bg2 c6 7. O-O Qa5 8. e4 e5
9. d5 cxd5 10. cxd5 Na6 11. a3 Bd7 12. Be3 Nc7 13. Rc1 Rfc8 14. Qd3 Qa6 15. Ne1
Nb5 16. f3 Nxc3 17. Qxa6 bxa6 18. Rxc3 Rxc3 19. bxc3 Rb8 20. Nc2 Rb3 21. Rc1
Rxc3 22. Bd2 Rb3 23. Kf2 Bb5 24. Bh3 Ne8 25. g4 Bf6 26. g5 Bd8 27. Bf1 Bb6+ 28.
Kg2 f5 29. h4 Ng7 30. Ne1 fxe4 31. fxe4 Bxf1+ 32. Kxf1 Nh5 33. Bb4 Ng3+ 34. Kg2
Nxe4 35. Rc6 Re3 36. Kf1 Ng3+ 37. Kg2 Nf5 38. Kf1 Rh3 39. Bxd6 Rh1+ 40. Ke2
Nd4+ 41. Kd2 Nxc6 42. dxc6 Rxh4 43. Nd3 Rc4 44. Bxe5 Rxc6 45. Nb4 Rc5 46. Bf6
Ra5 47. Nd3 Rf5 0-1

[Event "MCRE_O14"]
[Site "?"]
[Date "2003.??.??"]
[Round "?"]
[White "Slechta, Vladimir"]
[Black "Stika, Vaclav"]
[Result "1-0"]
[WhiteElo "1890"]
[BlackElo "1855"]
[PlyCount "133"]
[EventDate "2003.??.??"]
[EventType "corr"]
[EventRounds "2"]
[SourceDate "2005.03.12"]

1. c4 e5 2. Nc3 Nf6 3. Nf3 Nc6 4. g3 Bb4 5. Bg2 O-O 6. O-O Re8 7. d3 d6 8. Ng5
Bf5 9. Nge4 Nxe4 10. Nxe4 Qd7 11. a3 Bc5 12. Nxc5 dxc5 13. Re1 Rab8 14. Qa4 Nd4
15. Qxd7 Bxd7 16. Rb1 b5 17. cxb5 Bxb5 18. Bd2 c4 19. dxc4 Bxc4 20. e3 Nb3 21.
Rbd1 f6 22. Bc3 e4 23. Rd7 Rbc8 24. Bf1 Be6 25. Rdd1 a5 26. Bb5 c6 27. Ba4 Nc5
28. Rd4 Kf7 29. Bxa5 Bb3 30. Bxb3+ Nxb3 31. Rd7+ Ke6 32. Ra7 Ra8 33. Rxa8 Rxa8
34. Bc3 Nc5 35. Rd1 Nd3 36. f3 Kd5 37. g4 c5 38. Kg2 c4 39. h4 Ra6 40. Kg3 g6
41. f4 h5 42. f5 gxf5 43. g5 fxg5 44. hxg5 Rb6 45. Rh1 Nxb2 46. Bd4 Rb8 47.
Rxh5 Nd3 48. g6 Ke6 49. g7 Rg8 50. Rh6+ Kf7 51. a4 Nc1 52. Rh2 Nd3 53. a5 Nb4
54. Kh4 f4 55. exf4 Rd8 56. Be5 Nc6 57. Bc3 Rd3 58. Bf6 Nxa5 59. Rg2 Kg8 60.
Kg5 Nc6 61. Ra2 Rg3+ 62. Kf5 Rxg7 63. Bxg7 Kxg7 64. Kxe4 Nd8 65. Rc2 Nf7 66.
Kd5 Kf6 67. Rxc4 1-0

[Event "MCRE_O14"]
[Site "?"]
[Date "2003.??.??"]
[Round "?"]
[White "Slechta, Vladimir"]
[Black "Tursky, Matyas"]
[Result "1-0"]
[WhiteElo "1890"]
[BlackElo "1800"]
[PlyCount "31"]
[EventDate "2003.??.??"]
[EventType "corr"]
[EventRounds "2"]
[SourceDate "2005.03.12"]

1. d4 f5 2. c4 e6 3. Nc3 Nf6 4. Nf3 Be7 5. g3 O-O 6. Bg2 d6 7. O-O Qe8 8. Bf4
Nc6 9. Qb3 Nh5 10. Bd2 e5 11. Nb5 Qd7 12. dxe5 dxe5 13. Rad1 Nd4 14. Nfxd4 exd4
15. Be3 c5 16. Bxd4 1-0

[Event "MCRE_O14"]
[Site "?"]
[Date "2003.??.??"]
[Round "?"]
[White "Slechta, Vladimir"]
[Black "Volf, Michal"]
[Result "1-0"]
[WhiteElo "1890"]
[BlackElo "1800"]
[PlyCount "89"]
[EventDate "2003.??.??"]
[EventType "corr"]
[EventRounds "2"]
[SourceDate "2005.03.12"]

1. d4 Nf6 2. c4 g6 3. Nc3 d6 4. Nf3 Bg7 5. e3 Nbd7 6. Be2 O-O 7. O-O e5 8. b3
Re8 9. Bb2 e4 10. Nd2 Nf8 11. Qc2 Bf5 12. Rac1 c6 13. Rfd1 d5 14. Nf1 Rc8 15.
Ba3 Ne6 16. h3 Nc7 17. Ng3 Be6 18. Qd2 a6 19. Na4 Nd7 20. Bd6 Na8 21. Qb4 b5
22. cxb5 cxb5 23. Nc5 Nxc5 24. Bxc5 Rb8 25. a3 a5 26. Qd2 Bf6 27. Rc2 Bh4 28.
Rdc1 f5 29. Bf1 Bxg3 30. fxg3 h6 31. Qf2 Kh7 32. Qf4 Qd7 33. Qd6 Red8 34. Qe5
Bf7 35. Be2 a4 36. bxa4 bxa4 37. Bb4 Re8 38. Qf4 Rec8 39. g4 Be6 40. Rxc8 Rxc8
41. Rxc8 Qxc8 42. gxf5 gxf5 43. Qd6 Qd7 44. Qb8 Nc7 45. Ba5 1-0

[Event "MCRE_O14"]
[Site "?"]
[Date "2003.??.??"]
[Round "?"]
[White "Stika, Vaclav"]
[Black "Ciganek, Jiri"]
[Result "1-0"]
[WhiteElo "1859"]
[BlackElo "1875"]
[PlyCount "63"]
[EventDate "2003.??.??"]
[EventType "corr"]
[EventRounds "2"]
[SourceDate "2005.03.12"]

1. d4 d5 2. c4 e6 3. Nc3 Nf6 4. Nf3 c5 5. cxd5 Nxd5 6. e4 Nxc3 7. bxc3 cxd4 8.
cxd4 Bb4+ 9. Bd2 Bxd2+ 10. Qxd2 O-O 11. Bc4 Nc6 12. O-O b6 13. Rac1 Na5 14. Bd3
Bb7 15. Qe3 Qe7 16. e5 Rac8 17. Ng5 h6 18. Ne4 Bxe4 19. Qxe4 g6 20. Qe3 Kg7 21.
Rfd1 Qd7 22. Qf4 Rxc1 23. Rxc1 Rc8 24. Rd1 Qa4 25. Be2 Qxa2 26. Qf6+ Kg8 27.
Bf3 Qc2 28. d5 Qf5 29. Qe7 Qxe5 30. d6 Qg5 31. h4 Qf5 32. d7 1-0

[Event "MCRE_O14"]
[Site "?"]
[Date "2003.??.??"]
[Round "?"]
[White "Stika, Vaclav"]
[Black "Lasik, Petr"]
[Result "1-0"]
[WhiteElo "1855"]
[BlackElo "1800"]
[PlyCount "65"]
[EventDate "2003.??.??"]
[EventType "corr"]
[EventRounds "2"]
[SourceDate "2005.03.12"]

1. e4 e6 2. d4 d5 3. e5 c5 4. c3 Bd7 5. Nf3 Qb6 6. Bd3 Nc6 7. dxc5 Bxc5 8. O-O
Rc8 9. b4 Be7 10. Re1 Qc7 11. a4 h6 12. Na3 a6 13. Bd2 Nb8 14. c4 Nc6 15. Qb3
Qb6 16. cxd5 exd5 17. a5 Nxa5 18. Qxd5 Bc6 19. bxa5 Bxd5 20. axb6 Bxf3 21. gxf3
Rd8 22. Bxa6 bxa6 23. Nc4 Bc5 24. Rxa6 Rb8 25. Be3 Bxe3 26. fxe3 Ne7 27. Nd6+
Kd7 28. Rd1 Rhf8 29. Ne4+ Kc6 30. Rc1+ Kb5 31. Ra2 Nc6 32. Rb2+ Nb4 33. Nd6+
1-0